Entry Personal Name
Number of records used in: 1
001 - CONTROL NUMBER
003 - CONTROL NUMBER IDENTIFIER
005 - DATE AND TIME OF LATEST TRANSACTION
- control field:
20191231120948.0
008 - FIXED-LENGTH DATA ELEMENTS
- fixed length control field:
820716n| acannaabn |n aaa
010 ## - LIBRARY OF CONGRESS CONTROL NUMBER
- LC control number:
n 82094046
035 ## - SYSTEM CONTROL NUMBER
- System control number:
(OCoLC)oca00790665
040 ## - CATALOGING SOURCE
- Original cataloging agency:
DLC
- Transcribing agency:
DLC
- Modifying agency:
WyU
100 1# - HEADING--PERSONAL NAME
- Personal name:
Phillips, Owen R.
670 ## - SOURCE DATA FOUND
- Source citation:
Maurice, S.C. Economic analysis, 1982 (a.e.)
- Information found:
t.p. (Owen R. Phillips, Tex. A&M Univ.)
670 ## - SOURCE DATA FOUND
- Source citation:
OCLC database, March 1, 2004
- Information found:
(hdgs.: Phillips, Owen R. & Phillips, Owen Richard; usage: Owen R. Phillips & Owen Richard Phillips)